000
00203nam a22000857a 4500
999
_c
11414
_d
11414
008
190416b ||||| |||| 00| 0 eng d
020
_a
9781482644344
100
_9
7146
_a
ZOONI SHAFAQ
245
_a
HUES OF BLUES